[Event "26th EUR-ch"]
[Site "Katowice POL"]
[Date "2026.04.08"]
[Round "2.28"]
[White "Iturrizaga Bonelli, Eduardo"]
[Black "Cukrowski, Filip"]
[Result "1-0"]
[WhiteElo "2575"]
[BlackElo "2400"]
[EventDate "2026.04.07"]
[PlyCount "85"]

1.d4 Nf6 2.c4 g6 3.Nc3 Bg7 4.e4 d6 5.h3 O-O 6.Be3 Na6 7.Nf3 e5 8.d5 c5 9.
Bd3 Nh5 10.O-O Nc7 11.Re1 Qe8 12.a3 f5 13.b4 b6 14.bxc5 bxc5 15.Rb1 f4 16.
Bd2 Bf6 17.Bc2 Bd7 18.Ba4 Bxa4 19.Nxa4 Rb8 20.Qc2 Qd7 21.Ba5 Na8 22.Rec1 
Rfc8 23.Rb3 Bd8 24.Bd2 Bc7 25.Rbb1 h6 26.Nc3 a6 27.Na4 Kf7 28.Bc3 Nf6 29.
Nxc5 dxc5 30.Bxe5 Qe8 31.Rxb8 Bxb8 32.Bxb8 Rxb8 33.e5 Ng8 34.Qe4 Kg7 35.
Qxf4 Qf8 36.Qe3 Ne7 37.d6 Nf5 38.Qxc5 Nb6 39.Qc7+ Kg8 40.Rb1 Nd7 41.Rxb8 
Nxb8 42.c5 Qe8 43.c6 1-0

[Event "26th EUR-ch"]
[Site "Katowice POL"]
[Date "2026.04.08"]
[Round "2.29"]
[White "Kazakouski, Valery"]
[Black "Kanov, Nikola"]
[Result "1-0"]
[WhiteElo "2572"]
[BlackElo "2398"]
[EventDate "2026.04.07"]
[PlyCount "137"]

1.e4 c5 2.Nf3 e6 3.g3 Nc6 4.Bg2 Nf6 5.Qe2 e5 6.O-O Be7 7.c3 O-O 8.Na3 Re8 
9.d3 h6 10.Nc4 Bf8 11.Ne3 d5 12.Nd2 Be6 13.Qf3 Ne7 14.c4 d4 15.Nf5 Nc6 16.
Qe2 a6 17.Nh4 Nd7 18.Bf3 Nf6 19.Bh1 Nh7 20.Ng2 g5 21.f4 f6 22.Ne1 exf4 23.
gxf4 gxf4 24.Ng2 Re7 25.Nxf4 Rg7+ 26.Bg2 Bg4 27.Qf2 Bd6 28.Nf3 Ng5 29.Kh1 
Bxf3 30.Bxf3 Bxf4 31.Bxf4 Ne5 32.Be2 Qe7 33.Bg3 Rf8 34.Qf5 Qe6 35.b3 b6 
36.Rab1 Qxf5 37.Rxf5 a5 38.Rbf1 Nh7 39.Bf4 Rg5 40.h4 Rxf5 41.exf5 Rf7 42.
Bxh6 Nf8 43.Rg1+ Kh7 44.Bf4 Re7 45.Rg2 Nfd7 46.Kg1 Nf7 47.Bf3 Nde5 48.Be4 
Nd6 49.Bd5 Rg7 50.Kf1 Rxg2 51.Bxg2 Kg7 52.Bh3 Ne8 53.Ke2 Kf7 54.Bg2 Kg7 
55.Bd5 Kh7 56.a3 Kg7 57.Be6 Kh7 58.Bd2 Ng7 59.Bf4 Nh5 60.Bh2 Kh6 61.Bd5 
Kh7 62.Bf3 Ng7 63.Bf4 Ne8 64.Bh5 Nd6 65.Bg6+ Kg8 66.h5 Nc8 67.Bxe5 fxe5 
68.f6 Nd6 69.h6 1-0

[Event "26th EUR-ch"]
[Site "Katowice POL"]
[Date "2026.04.08"]
[Round "2.30"]
[White "Salimova, Nurgyul"]
[Black "Finek, Vaclav"]
[Result "1/2-1/2"]
[WhiteElo "2399"]
[BlackElo "2571"]
[EventDate "2026.04.07"]
[PlyCount "111"]

1.d4 Nf6 2.c4 e6 3.Nf3 d5 4.Nc3 h6 5.cxd5 exd5 6.Bf4 c6 7.Qc2 Bd6 8.Bxd6 
Qxd6 9.e3 O-O 10.Bd3 a5 11.O-O Na6 12.a3 Nc7 13.Rab1 Ne6 14.b4 Re8 15.Ne5 
axb4 16.axb4 Ng5 17.f3 Bd7 18.h4 Ngh7 19.Na4 Nf8 20.Nb6 Ra3 21.Nbc4 dxc4 
22.Nxc4 Qe7 23.Nxa3 Qxe3+ 24.Rf2 Qxd4 25.Qc4 Qd6 26.Nc2 Qg3 27.Nd4 Qxh4 
28.Ne2 Qg5 29.Qf4 Re3 30.Qxg5 hxg5 31.Rd1 g4 32.fxg4 Bxg4 33.Rd2 N8d7 34.
Bf5 Bxf5 35.Rxf5 Ne5 36.Nd4 Neg4 37.Rf3 Re4 38.b5 c5 39.Nf5 g6 40.Rd8+ Kh7
41.Nd6 Re7 42.b6 Kg7 43.Rc8 Re1+ 44.Rf1 Re6 45.Nc4 Nd5 46.Rc7 Nxb6 47.
Rfxf7+ Kh6 48.Nxb6 Rxb6 49.Rxc5 Rb2 50.Rf3 b5 51.Rcc3 Rb1+ 52.Rf1 Rb2 53.
Rcc1 Ne3 54.Rf2 Rb4 55.Rf3 Nf5 56.Rff1 1/2-1/2

[Event "26th EUR-ch"]
[Site "Katowice POL"]
[Date "2026.04.08"]
[Round "2.31"]
[White "Kuegel, Tobias"]
[Black "Can, Isik"]
[Result "0-1"]
[WhiteElo "2398"]
[BlackElo "2563"]
[EventDate "2026.04.07"]
[PlyCount "78"]

1.d4 d5 2.c4 c6 3.cxd5 cxd5 4.Nc3 Nf6 5.Nf3 Nc6 6.Bf4 a6 7.e3 Bg4 8.Be2 e6
9.Ne5 Bxe2 10.Qxe2 Rc8 11.O-O Bd6 12.Nd3 Bxf4 13.Nxf4 O-O 14.Nd3 Qd6 15.
Rac1 Rc7 16.Qf3 Rfc8 17.Qg3 Qd8 18.Qh4 Na5 19.Nc5 Nc4 20.b3 Nd2 21.Rfd1 b6
22.Rxd2 bxc5 23.Ne2 cxd4 24.Rxc7 Qxc7 25.Qxd4 Ne4 26.Rd1 Qc2 27.Kf1 Qxa2 
28.f3 Rc2 29.Qa4 Nd2+ 30.Kf2 Qxa4 31.bxa4 Kf8 32.Ke1 Nc4 33.e4 Ne3 34.Rc1 
Nxg2+ 35.Kf2 Ra2 36.exd5 Nf4 37.d6 Nd3+ 38.Ke3 Nxc1 39.Nxc1 Rxa4 0-1

[Event "26th EUR-ch"]
[Site "Katowice POL"]
[Date "2026.04.08"]
[Round "2.32"]
[White "Andersen, Mads"]
[Black "Balacek, Tadeas"]
[Result "1/2-1/2"]
[WhiteElo "2562"]
[BlackElo "2396"]
[EventDate "2026.04.07"]
[PlyCount "56"]

1.Nf3 d5 2.g3 Nd7 3.d4 Nb6 4.Nc3 Nf6 5.Bg2 h6 6.Bf4 c6 7.Qd3 g6 8.Ne5 Bf5 
9.Qd2 g5 10.Be3 Nfd7 11.f4 Nxe5 12.fxe5 Nc4 13.Qc1 e6 14.Bf2 Bb4 15.O-O 
Bxc3 16.bxc3 Qa5 17.Be1 Qa4 18.Rxf5 exf5 19.Bh3 g4 20.Bf1 O-O-O 21.e3 f6 
22.Bd3 fxe5 23.Bxf5+ Kb8 24.Bxg4 h5 25.Be2 Rde8 26.Bf2 Ka8 27.Rb1 Qxa2 28.
e4 Qa3 1/2-1/2

[Event "26th EUR-ch"]
[Site "Katowice POL"]
[Date "2026.04.08"]
[Round "2.33"]
[White "Sukiasian, Vahe A."]
[Black "Pultinevicius, Paulius"]
[Result "1/2-1/2"]
[WhiteElo "2395"]
[BlackElo "2562"]
[EventDate "2026.04.07"]
[PlyCount "112"]

1.e4 c5 2.Nf3 e6 3.d4 cxd4 4.Nxd4 Nc6 5.Nc3 Qc7 6.Be3 a6 7.Qf3 b5 8.Qg3 
Qxg3 9.hxg3 Nxd4 10.Bxd4 Bb7 11.f3 Ne7 12.O-O-O Nc6 13.Be3 Bb4 14.g4 f6 
15.Ne2 Ne5 16.Nd4 Be7 17.Nb3 Rc8 18.Na5 Ba8 19.a4 Bd8 20.Bd2 bxa4 21.Bxa6 
Rc5 22.b4 axb3 23.Nxb3 Rc6 24.Be2 Be7 25.Bf4 Rb6 26.Be3 Rb8 27.Bd4 d5 28.
exd5 Bxd5 29.Bxe5 fxe5 30.Bd3 Kf7 31.Kd2 Rb4 32.Rh5 e4 33.fxe4 Bxe4 34.
Rf1+ Kg6 35.Rf4 Rd8 36.Ke3 Bxd3 37.Rxb4 Bxc2 38.Nc5 Bf5 39.gxf5+ exf5 40.
Rxf5 Kxf5 41.g4+ Kg6 42.Ne6 Ra8 43.Rb7 Bf6 44.Kf3 Ra3+ 45.Kf4 Ra6 46.Nc5 
Bg5+ 47.Kf3 Rf6+ 48.Kg2 Be3 49.Nd7 Rf4 50.Kg3 Re4 51.Nf8+ Kh6 52.Rb1 g6 
53.Rb7 Bc5 54.g5+ Kh5 55.Nxh7 Re3+ 56.Kf4 Re7 1/2-1/2

[Event "26th EUR-ch"]
[Site "Katowice POL"]
[Date "2026.04.08"]
[Round "2.34"]
[White "Sokolovsky, Yahli"]
[Black "Smolik, Jachym"]
[Result "1-0"]
[WhiteElo "2559"]
[BlackElo "2395"]
[EventDate "2026.04.07"]
[PlyCount "84"]

1.e4 Nf6 2.e5 Nd5 3.d4 d6 4.c4 Nb6 5.exd6 cxd6 6.Nf3 g6 7.h3 Bg7 8.Be2 O-O
9.Nc3 Nc6 10.O-O Bf5 11.d5 Na5 12.Nd4 Naxc4 13.a4 a5 14.Nxf5 gxf5 15.Re1 
Rc8 16.Bd3 Qd7 17.Qh5 e6 18.Bg5 Rc5 19.Bh6 Ne5 20.dxe6 fxe6 21.Bb5 Qe7 22.
Be3 Rxc3 23.bxc3 Nd5 24.Bg5 Qc7 25.c4 Nb4 26.Rad1 Na2 27.Bd2 f4 28.Re4 f3 
29.Rf4 Rc8 30.g3 Nb4 31.Rh4 Bf8 32.Bc3 Ng6 33.Rg4 Qf7 34.Bd4 Nc6 35.Bxc6 
bxc6 36.Qxa5 e5 37.Qa6 Qf5 38.Be3 Rc7 39.Qb6 Rf7 40.Qb1 Qe6 41.Qe4 Kh8 42.
a5 Ne7 1-0

[Event "26th EUR-ch"]
[Site "Katowice POL"]
[Date "2026.04.08"]
[Round "2.35"]
[White "Kiolbasa, Oliwia"]
[Black "Costa, Leonardo"]
[Result "1-0"]
[WhiteElo "2394"]
[BlackElo "2556"]
[EventDate "2026.04.07"]
[PlyCount "135"]

1.e4 c5 2.Nf3 d6 3.d4 cxd4 4.Nxd4 Nf6 5.Nc3 Nc6 6.Bg5 e6 7.Qd2 a6 8.Nxc6 
bxc6 9.O-O-O Be7 10.Bxf6 gxf6 11.Bc4 Bb7 12.Rhe1 Qa5 13.Kb1 O-O-O 14.Nd5 
Qxd2 15.Nxe7+ Kd7 16.Rxd2 Kxe7 17.Bb3 a5 18.c4 c5 19.f3 Ba6 20.a3 Rb8 21.
Kc2 Rb6 22.Kc3 Rhb8 23.Bd1 Bc8 24.f4 Bd7 25.Re3 Bc6 26.Rde2 Rg8 27.Rh3 Rg7
28.Rh6 a4 29.Bc2 Rg4 30.g3 Rg7 31.Bd1 Rb7 32.Re3 Rb8 33.g4 Rh8 34.f5 Rgg8 
35.h4 Bd7 36.Kd3 Rb8 37.Re2 Rbg8 38.Rf2 Rf8 39.Ke3 Bc6 40.Rd2 Re8 41.Kf4 
Reg8 42.g5 fxg5+ 43.hxg5 e5+ 44.Ke3 Rd8 45.Rdh2 Rhg8 46.R2h5 Rb8 47.Rxh7 
Rxb2 48.g6 Be8 49.R5h6 Kf8 50.Bxa4 fxg6 51.Bxe8 Kxe8 52.f6 Rf8 53.Re7+ Kd8
54.Ra7 Kc8 55.Ra8+ Rb8 56.Rxb8+ Kxb8 57.Rxg6 Kc8 58.Kf3 Kd7 59.Kg4 d5 60.
exd5 e4 61.Kf4 e3 62.Kxe3 Ra8 63.Kf4 Rxa3 64.Rg3 Ra4 65.Ke5 Rxc4 66.Rg7+ 
Ke8 67.d6 Rd4 68.Re7+ 1-0

[Event "26th EUR-ch"]
[Site "Katowice POL"]
[Date "2026.04.08"]
[Round "2.36"]
[White "Maltsevskaya, Aleksandra"]
[Black "Moroni, Luca jr"]
[Result "0-1"]
[WhiteElo "2393"]
[BlackElo "2551"]
[EventDate "2026.04.07"]
[PlyCount "96"]

1.Nf3 d5 2.c4 e6 3.g3 Nf6 4.Bg2 Be7 5.O-O O-O 6.d3 Nc6 7.cxd5 exd5 8.b3 a5
9.a3 Re8 10.Bb2 Bc5 11.Nc3 Qe7 12.Nb5 Bb6 13.e3 Bg4 14.h3 Bd7 15.Rc1 Rac8 
16.Re1 h6 17.g4 Nd8 18.Nbd4 c5 19.Ne2 Bc7 20.Nf4 Bc6 21.d4 Ne6 22.Nxe6 
fxe6 23.dxc5 Ne4 24.Ne5 Nxc5 25.f4 Bxe5 26.Bxe5 Bb5 27.Rc3 Qh4 28.Qc1 Nd3 
29.Rxc8 Qf2+ 30.Kh1 Nxc1 31.Rexc1 Rxc8 32.Rxc8+ Kf7 33.Rc7+ Ke8 34.Bd4 Bf1
35.Bxf1 Qxf1+ 36.Kh2 Qf2+ 37.Kh1 g5 38.fxg5 hxg5 39.Rxb7 Qg3 40.b4 e5 41.
Bc5 d4 42.Re7+ Kd8 43.exd4 exd4 44.bxa5 Qxh3+ 45.Kg1 Qxg4+ 46.Kh2 Qf4+ 47.
Kg2 Qd2+ 48.Kf3 Qc3+ 0-1

[Event "26th EUR-ch"]
[Site "Katowice POL"]
[Date "2026.04.08"]
[Round "2.37"]
[White "Rubes, Jan"]
[Black "Can, Emre"]
[Result "0-1"]
[WhiteElo "2393"]
[BlackElo "2546"]
[EventDate "2026.04.07"]
[PlyCount "92"]

1.c4 c5 2.Nc3 g6 3.g3 Bg7 4.Bg2 Nc6 5.Nf3 d6 6.O-O Bf5 7.b3 Qd7 8.Bb2 Bh3 
9.e3 h5 10.Bxh3 Qxh3 11.Ng5 Qd7 12.f4 Nh6 13.Rb1 h4 14.Nd5 Bxb2 15.Rxb2 
hxg3 16.hxg3 f6 17.Ne4 O-O-O 18.d3 f5 19.Ng5 e6 20.Nc3 Ng4 21.Qf3 Rh5 22.
Nb5 a6 23.Nxd6+ Qxd6 24.Nf7 Qxd3 25.Nxd8 Nxd8 26.Rd1 Qxe3+ 27.Qxe3 Nxe3 
28.Rd6 Ng4 29.Rbd2 Rh8 30.R2d3 Nf6 31.Rd1 Ne4 32.R6d3 Nc6 33.Kg2 Rh7 34.
Re3 Kc7 35.Ree1 b5 36.cxb5 axb5 37.Rh1 Rxh1 38.Rxh1 c4 39.bxc4 bxc4 40.Kf3
Nd4+ 41.Ke3 Nc2+ 42.Kf3 c3 43.g4 Nb4 44.Ra1 c2 45.gxf5 gxf5 46.Rc1 Nc3 0-1

[Event "26th EUR-ch"]
[Site "Katowice POL"]
[Date "2026.04.08"]
[Round "2.38"]
[White "Oktem, Ege Tuna"]
[Black "Seemann, Jakub"]
[Result "1/2-1/2"]
[WhiteElo "2392"]
[BlackElo "2545"]
[EventDate "2026.04.07"]
[PlyCount "115"]

1.e4 e6 2.d4 d5 3.e5 c5 4.c3 Nc6 5.Nf3 Nge7 6.Na3 Bd7 7.Nc2 Qa5 8.Bd3 Nxd4
9.Ncxd4 cxd4 10.Nxd4 Nc6 11.Nb3 Qc7 12.f4 a5 13.Be3 a4 14.Nd4 Qb6 15.Rb1 
Nxd4 16.Bxd4 Bc5 17.Be2 O-O 18.O-O Rfc8 19.a3 Bb5 20.Bxb5 Qxb5 21.f5 Bxd4+
22.Qxd4 Rc4 23.Qf2 Qc6 24.Rbe1 exf5 25.Qxf5 Qe6 26.Qf3 Rd8 27.Re2 Rd7 28.
Rd1 h6 29.Qf2 Rdc7 30.Qf3 R7c5 31.h3 Rb5 32.Kh1 Rh4 33.Red2 Re4 34.c4 Rb3 
35.cxd5 Qxe5 36.Qf2 Rf4 37.Qxf4 Qxf4 38.d6 Qh4 39.d7 Qd8 40.Rc1 Kf8 41.Rc8
Ke7 42.Rxd8 Kxd8 43.Kg1 f5 44.Kf2 g5 45.Ke2 h5 46.Kd1 h4 47.Ke1 g4 48.hxg4
fxg4 49.Rd4 g3 50.Rxa4 Rxb2 51.Rxh4 Kxd7 52.Rb4 Rxb4 53.axb4 Kc6 54.Ke2 
Kb5 55.Kf3 Kxb4 56.Kxg3 b5 57.Kf4 Kc3 58.Ke4 1/2-1/2

[Event "26th EUR-ch"]
[Site "Katowice POL"]
[Date "2026.04.08"]
[Round "2.39"]
[White "Borrmann, Laurenz"]
[Black "Kantor, Gergely"]
[Result "1/2-1/2"]
[WhiteElo "2391"]
[BlackElo "2544"]
[EventDate "2026.04.07"]
[PlyCount "166"]

1.d4 Nf6 2.c4 e6 3.Nc3 Bb4 4.e3 O-O 5.Bd3 d5 6.a3 Bxc3+ 7.bxc3 dxc4 8.Bxc4
c5 9.Ne2 Qc7 10.Ba2 b6 11.O-O Ba6 12.Re1 Rd8 13.Ng3 Nc6 14.Rb1 Rac8 15.Rb2
Ne5 16.Rd2 cxd4 17.cxd4 Nd3 18.Rxd3 Qxc1 19.Qxc1 Rxc1 20.Rxc1 Bxd3 21.f3 
Kf8 22.Kf2 Ne8 23.Ne2 Ke7 24.Nf4 Ba6 25.h4 Nd6 26.a4 h6 27.e4 Rc8 28.Rxc8 
Bxc8 29.Nd3 Bd7 30.Bb3 Nb7 31.Nb2 Na5 32.Bc2 b5 33.axb5 Bxb5 34.Nd1 Nc4 
35.Nc3 Bd7 36.Bd3 Nb6 37.Ba6 Na8 38.Nb5 Bxb5 39.Bxb5 a5 40.Ke3 Nb6 41.Kd3 
f5 42.g3 fxe4+ 43.fxe4 e5 44.Kc3 Kd6 45.g4 Na8 46.Kc4 Nb6+ 47.Kc3 exd4+ 
48.Kxd4 Nd7 49.g5 hxg5 50.hxg5 Ne5 51.Be2 Nf7 52.g6 Ne5 53.Bh5 a4 54.Bd1 
a3 55.Kc3 Nxg6 56.Kb3 Ke5 57.Kxa3 Nh4 58.Bh5 g5 59.Kb2 Kxe4 60.Kc1 Ke3 61.
Kd1 Nf3 62.Bg4 Ne5 63.Bc8 Nd3 64.Bf5 Ne5 65.Ke1 Kf4 66.Bc8 Nc4 67.Kf2 Nd6 
68.Bd7 Nf5 69.Bxf5 Kxf5 70.Kf3 g4+ 71.Kg3 Kg5 72.Kg2 Kf4 73.Kf2 g3+ 74.Kg2
Kg4 75.Kg1 Kf3 76.Kf1 Ke3 77.Kg2 Kf4 78.Kg1 Kg4 79.Kg2 Kh4 80.Kg1 Kh3 81.
Kh1 Kg4 82.Kg2 Kf4 83.Kg1 Kg4 1/2-1/2

[Event "26th EUR-ch"]
[Site "Katowice POL"]
[Date "2026.04.08"]
[Round "2.40"]
[White "Subelj, Jan"]
[Black "Povshednyi, Ivan"]
[Result "1/2-1/2"]
[WhiteElo "2543"]
[BlackElo "2391"]
[EventDate "2026.04.07"]
[PlyCount "123"]

1.Nf3 Nf6 2.g3 b6 3.Bg2 Bb7 4.O-O e6 5.d3 d5 6.Nbd2 Nbd7 7.e4 dxe4 8.Ng5 
Nc5 9.Ngxe4 Nfxe4 10.Nxe4 Nxe4 11.dxe4 Qxd1 12.Rxd1 e5 13.Be3 Bd6 14.a4 
Ke7 15.a5 Rhd8 16.c3 Bc5 17.Rxd8 Rxd8 18.axb6 axb6 19.Bxc5+ bxc5 20.Bf1 
Rd2 21.b3 Rb2 22.f3 Rxb3 23.Rc1 Rb2 24.Re1 Rc2 25.Re3 Bc8 26.Be2 Be6 27.f4
f6 28.Kf1 Rc1+ 29.Kf2 Bd7 30.h4 Bc6 31.fxe5 fxe5 32.Bc4 Bd7 33.Rf3 Be6 34.
Bxe6 Rc2+ 35.Ke1 Kxe6 36.Kd1 Rg2 37.c4 c6 38.Ra3 g6 39.Rb3 h6 40.Rf3 g5 
41.hxg5 hxg5 42.Rd3 g4 43.Rb3 Kd6 44.Ra3 Rb2 45.Ra7 Rb3 46.Rg7 Rxg3 47.Kd2
Rg1 48.Ke3 g3 49.Kf3 Rf1+ 50.Ke2 Rc1 51.Rxg3 Rxc4 52.Rg6+ Kd7 53.Kf3 Rc1 
54.Rg7+ Ke6 55.Rg6+ Kd7 56.Rg7+ Kd6 57.Rg6+ Kc7 58.Re6 c4 59.Rxe5 c3 60.
Ke2 Kd6 61.Ra5 Rg1 62.e5+ 1/2-1/2

[Event "26th EUR-ch"]
[Site "Katowice POL"]
[Date "2026.04.08"]
[Round "2.41"]
[White "Sherman, Raem"]
[Black "Laurent-Paoli, Pierre"]
[Result "1-0"]
[WhiteElo "2391"]
[BlackElo "2542"]
[EventDate "2026.04.07"]
[PlyCount "111"]

1.e4 c5 2.Nf3 e6 3.d4 cxd4 4.Nxd4 Nf6 5.Nc3 Nc6 6.Ndb5 d6 7.Bf4 e5 8.Bg5 
a6 9.Na3 b5 10.Nd5 Be7 11.Bxf6 Bxf6 12.c4 b4 13.Nc2 a5 14.Qf3 Be7 15.Rd1 
O-O 16.g3 Be6 17.Be2 Ra7 18.O-O Qb8 19.b3 Bd8 20.Qd3 Rd7 21.Nce3 Bb6 22.
Kh1 Bxe3 23.Nxe3 Nd4 24.Bg4 Bxg4 25.Nxg4 f5 26.exf5 Qb7+ 27.Kg1 Nf3+ 28.
Kh1 Nd4+ 29.Kg1 Nf3+ 30.Kh1 Nd2+ 31.Kg1 Nxf1 32.Kxf1 Rdf7 33.Ne3 g6 34.
Qxd6 gxf5 35.Qxe5 Qe4 36.Qf4 Qxf4 37.gxf4 a4 38.Rd5 axb3 39.axb3 Rb8 40.
Kg2 Rbb7 41.Nxf5 Rfd7 42.Nd6 Ra7 43.c5 Ra3 44.c6 Rg7+ 45.Rg5 Ra7 46.Nb5 
Rxg5+ 47.fxg5 Ra2 48.c7 Rc2 49.h4 Rc5 50.f4 Kf8 51.h5 Ke7 52.g6 hxg6 53.
hxg6 Rc6 54.f5 Rc2+ 55.Kf3 Rc1 56.g7 1-0

[Event "26th EUR-ch"]
[Site "Katowice POL"]
[Date "2026.04.08"]
[Round "2.42"]
[White "Razafindratsima, Timothe"]
[Black "Lazov, Toni"]
[Result "1/2-1/2"]
[WhiteElo "2537"]
[BlackElo "2389"]
[EventDate "2026.04.07"]
[PlyCount "93"]

1.e4 c5 2.Nf3 d6 3.d4 cxd4 4.Nxd4 Nf6 5.Nc3 a6 6.Be3 e5 7.Nb3 Be6 8.h3 Nc6
9.Qd2 Rc8 10.a3 Be7 11.Rd1 O-O 12.Bd3 Na5 13.Nxa5 Qxa5 14.O-O Rfe8 15.Nd5 
Qxd2 16.Nxe7+ Rxe7 17.Rxd2 d5 18.exd5 Nxd5 19.Re2 Nxe3 20.Rxe3 Bc4 21.Rd1 
Bxd3 22.Rexd3 f5 23.c3 Kf7 24.Kf1 Rc6 25.Ke2 Rb6 26.R1d2 Ke6 27.Rd8 g6 28.
Ke3 Rc6 29.g4 Kf6 30.R8d7 Rce6 31.gxf5 gxf5 32.h4 Rxd7 33.Rxd7 Re7 34.Rd6+
Re6 35.Rd8 Kg6 36.Rd7 b5 37.h5+ Kxh5 38.Rxh7+ Kg5 39.f3 e4 40.f4+ Kg6 41.
Rd7 Kf6 42.Rd5 Rc6 43.Ke2 Ke6 44.Re5+ Kf6 45.Rd5 Ke6 46.Re5+ Kf6 47.Rd5 
1/2-1/2

[Event "26th EUR-ch"]
[Site "Katowice POL"]
[Date "2026.04.08"]
[Round "2.43"]
[White "Pasti, Aron"]
[Black "Piorun, Kacper"]
[Result "1-0"]
[WhiteElo "2388"]
[BlackElo "2536"]
[EventDate "2026.04.07"]
[PlyCount "85"]

1.e4 c6 2.d4 d5 3.Nc3 dxe4 4.Nxe4 Bf5 5.Ng3 Bg6 6.h4 h6 7.Nf3 e6 8.Ne5 Bh7
9.Bd3 Bxd3 10.Qxd3 Nd7 11.f4 c5 12.Bd2 Nxe5 13.dxe5 Qxd3 14.cxd3 Ne7 15.h5
Nc6 16.Be3 O-O-O 17.Ke2 Be7 18.Ne4 b6 19.Rh3 f6 20.Rg3 fxe5 21.fxe5 Rhg8 
22.Rg6 Kd7 23.d4 cxd4 24.Rd1 Kc7 25.Bf4 Bc5 26.a3 a5 27.Rc1 Kd7 28.Bxh6 
d3+ 29.Kd2 Nd4 30.Bxg7 Nb3+ 31.Kd1 Nxc1 32.Nf6+ Kc8 33.Nxg8 d2 34.Rg3 Nd3 
35.Rxd3 Rxd3 36.h6 Be3 37.h7 Rd7 38.Ne7+ Kb7 39.Bh6 Rd8 40.Ng8 Bxh6 41.
h8=Q Be3 42.Qh3 Bg5 43.Qh5 1-0

[Event "26th EUR-ch"]
[Site "Katowice POL"]
[Date "2026.04.08"]
[Round "2.44"]
[White "Kosakowski, Jakub"]
[Black "Svanda, Ondrej"]
[Result "1/2-1/2"]
[WhiteElo "2533"]
[BlackElo "2385"]
[EventDate "2026.04.07"]
[PlyCount "95"]

1.e4 c5 2.Nf3 Nc6 3.Bb5 g6 4.O-O Bg7 5.c3 Nf6 6.d4 Nxe4 7.d5 Nb8 8.Re1 Nf6
9.d6 e6 10.Bg5 a6 11.Bf1 b6 12.Nbd2 h6 13.Bh4 Bb7 14.a4 Nc6 15.Nc4 Rb8 16.
Nfe5 Nxe5 17.Nxe5 g5 18.Bg3 Ne4 19.Bd3 Nxg3 20.hxg3 O-O 21.g4 Bxe5 22.Rxe5
Qf6 23.Qe2 Qf4 24.Rd1 Kg7 25.b3 Rh8 26.Re3 h5 27.gxh5 Rxh5 28.Qxh5 Rh8 29.
Qxh8+ Kxh8 30.Bf1 Kg7 31.Be2 Bd5 32.c4 Be4 33.Bf3 Bxf3 34.Rxf3 Qe4 35.Re3 
Qc2 36.Red3 f5 37.R1d2 Qc1+ 38.Rd1 Qc2 39.R1d2 Qc1+ 40.Rd1 Qb2 41.R1d2 Qf6
42.g3 a5 43.Kg2 Qa1 44.Rd1 Qb2 45.R1d2 Qa1 46.Rd1 Qb2 47.R1d2 Qa1 48.Kf3 
1/2-1/2

[Event "26th EUR-ch"]
[Site "Katowice POL"]
[Date "2026.04.08"]
[Round "2.45"]
[White "Yordanov, Lachezar"]
[Black "Malek, Jan"]
[Result "0-1"]
[WhiteElo "2384"]
[BlackElo "2533"]
[EventDate "2026.04.07"]
[PlyCount "70"]

1.d4 e6 2.c4 d5 3.Nf3 Nf6 4.g3 Be7 5.Bg2 O-O 6.O-O a5 7.Qc2 a4 8.Bf4 dxc4 
9.Qxc4 Nd5 10.Bd2 Nd7 11.e4 N5f6 12.Qc2 c5 13.Bc3 b5 14.Rd1 b4 15.Be1 Bb7 
16.e5 Nd5 17.Nbd2 cxd4 18.Ne4 Qb8 19.Nd6 Bxd6 20.exd6 e5 21.Nxe5 Nxe5 22.
Qc5 Nd7 23.Qxd4 N5f6 24.f3 b3 25.g4 Re8 26.Bc3 Ne5 27.g5 Nfd7 28.f4 Bxg2 
29.fxe5 Rxe5 30.Qf4 Re2 31.Re1 Qb6+ 32.Bd4 Qb5 33.axb3 Bc6 34.Rxe2 Qxe2 
35.Bf2 Ne5 0-1

[Event "26th EUR-ch"]
[Site "Katowice POL"]
[Date "2026.04.08"]
[Round "2.46"]
[White "Meshkovs, Nikita"]
[Black "Sieciechowicz, Marcin"]
[Result "1/2-1/2"]
[WhiteElo "2532"]
[BlackElo "2383"]
[EventDate "2026.04.07"]
[PlyCount "71"]

1.c4 c6 2.Nf3 d5 3.e3 Nf6 4.Nc3 Nbd7 5.d4 e6 6.Qc2 b6 7.cxd5 cxd5 8.Nb5 
Bb4+ 9.Bd2 Bxd2+ 10.Nxd2 O-O 11.Rc1 Ba6 12.Qa4 Rc8 13.Rd1 Bxb5 14.Bxb5 Qc7
15.O-O Nb8 16.Nf3 Qe7 17.Rc1 Rc7 18.Rxc7 Qxc7 19.Ne5 Rc8 20.f3 Qe7 21.Rf2 
Rc7 22.Rc2 Rxc2 23.Qxc2 Qb7 24.Qa4 Qc7 25.Kf2 Kf8 26.Ke2 Ng8 27.Kd2 Ne7 
28.Qa3 f6 29.Nd3 Kf7 30.g3 Nbc6 31.Qc3 Qd6 32.a3 g6 33.Nf4 Kg7 34.Nd3 Kf7 
35.Nf4 Kg7 36.Nd3 1/2-1/2

[Event "26th EUR-ch"]
[Site "Katowice POL"]
[Date "2026.04.08"]
[Round "2.47"]
[White "Niedbala, Bartlomiej"]
[Black "Wadsworth, Matthew"]
[Result "1/2-1/2"]
[WhiteElo "2382"]
[BlackElo "2532"]
[EventDate "2026.04.07"]
[PlyCount "124"]

1.e4 e6 2.d4 d5 3.Nc3 Nf6 4.e5 Nfd7 5.f4 c5 6.Nf3 Nc6 7.Be3 a6 8.Ne2 Be7 
9.c3 O-O 10.Qc2 f6 11.h4 b5 12.g3 b4 13.Bh3 f5 14.O-O Rb8 15.Kh2 bxc3 16.
Qxc3 Nb6 17.Rab1 Nc4 18.Bf2 cxd4 19.Nexd4 Nxd4 20.Bxd4 Bd7 21.Rfc1 Bb4 22.
Qd3 Qa5 23.Ra1 Be7 24.b3 Na3 25.Bc3 Bb4 26.Nd4 Bxc3 27.Qxc3 Qb4 28.Bf1 a5 
29.Kg2 a4 30.Kf2 Qb6 31.Qc5 Qb4 32.Ke3 Nc4+ 33.Rxc4 dxc4 34.Qxb4 Rxb4 35.
Bxc4 Ra8 36.Rd1 axb3 37.axb3 Ra7 38.Rd3 Rab7 39.Kd2 g6 40.Bxe6+ Bxe6 41.
Nxe6 Rxb3 42.Rd8+ Kf7 43.Nc5 Rb2+ 44.Kc3 R7b6 45.e6+ Ke7 46.Rd7+ Ke8 47.
Rxh7 Re2 48.h5 gxh5 49.Rxh5 Rc6 50.Kd3 Re1 51.Rxf5 Rd6+ 52.Kc2 Re2+ 53.Kc3
Re3+ 54.Kc4 Re1 55.Rg5 Rc1+ 56.Kb5 Rb1+ 57.Kc4 Rc1+ 58.Kb5 Rb1+ 59.Kc4 
Rc1+ 60.Kb4 Rb6+ 61.Ka5 Rb2 62.Na4 Ra2 1/2-1/2

[Event "26th EUR-ch"]
[Site "Katowice POL"]
[Date "2026.04.08"]
[Round "2.48"]
[White "Maksimovic, Bojan"]
[Black "Kiladze, Luka"]
[Result "1-0"]
[WhiteElo "2531"]
[BlackElo "2380"]
[EventDate "2026.04.07"]
[PlyCount "111"]

1.c4 e6 2.g3 Nf6 3.Bg2 d5 4.cxd5 exd5 5.Nf3 Be7 6.O-O O-O 7.b3 c5 8.d4 Nc6
9.Bb2 Bg4 10.Ne5 cxd4 11.Nxg4 Nxg4 12.e3 Nf6 13.exd4 Ne4 14.Nc3 f5 15.Nxe4
dxe4 16.f3 e3 17.d5 Nb4 18.f4 Qb6 19.Kh1 Qa6 20.Qf3 Bf6 21.Be5 e2 22.Rfe1 
Nc2 23.d6 Nxa1 24.Rxa1 Qxa2 25.Re1 Qd2 26.Qd5+ Qxd5 27.Bxd5+ Kh8 28.Rxe2 
Rad8 29.Kg2 Rfe8 30.Kf3 Rd7 31.Bc4 a6 32.Bd3 Bxe5 33.fxe5 g6 34.Kf4 b5 35.
Ra2 Rf7 36.h4 h6 37.Re2 Re6 38.b4 Rf8 39.Bc2 Rd8 40.Rd2 Kg7 41.Bb3 Ree8 
42.Rc2 Rd7 43.Rc6 Ra7 44.Bd5 Rb8 45.Be6 Rbb7 46.Bc8 Rf7 47.e6 Rf8 48.e7 
Re8 49.Rxa6 Raxe7 50.dxe7 Rxc8 51.Ke5 Kf7 52.Re6 Ke8 53.Kf6 f4 54.gxf4 Rc4
55.f5 Rf4 56.Rd6 1-0

[Event "26th EUR-ch"]
[Site "Katowice POL"]
[Date "2026.04.08"]
[Round "2.49"]
[White "Kurmann, Oliver"]
[Black "Alexakis, Dimitris"]
[Result "0-1"]
[WhiteElo "2377"]
[BlackElo "2528"]
[EventDate "2026.04.07"]
[PlyCount "98"]

1.Nf3 Nf6 2.c4 g6 3.Nc3 Bg7 4.e4 O-O 5.d4 d6 6.Be2 Nbd7 7.O-O e5 8.Be3 c6 
9.dxe5 dxe5 10.Qc2 Nh5 11.Rfd1 Qe7 12.a3 Nf4 13.Bf1 Ne6 14.b4 f5 15.exf5 
gxf5 16.c5 e4 17.Nd4 Ne5 18.Nxe6 Bxe6 19.Bf4 Qh4 20.Qc1 Ng4 21.Bg3 Qf6 22.
Ne2 Qxa1 23.Qxa1 Bxa1 24.Rxa1 Rfd8 25.Bd6 Kf7 26.Nd4 Nf6 27.Re1 Rxd6 28.
cxd6 Rd8 29.Nxe6 Kxe6 30.f3 Rxd6 31.fxe4 fxe4 32.g4 Ke5 33.g5 Nh5 34.h4 
Kf4 35.Bc4 Ng3 36.Kg2 Kg4 37.Kf2 Kxh4 38.Rg1 Nf5 39.Be2 Rd2 40.Rg4+ Kh3 
41.Rg1 Kh4 42.Rh1+ Kxg5 43.Rxh7 Kf4 44.Rxb7 Nd4 45.Rf7+ Ke5 46.Re7+ Kd5 
47.Rd7+ Ke6 48.Rxd4 Rxd4 49.Ke3 Ke5 0-1

[Event "26th EUR-ch"]
[Site "Katowice POL"]
[Date "2026.04.08"]
[Round "2.51"]
[White "Vogel, Roven"]
[Black "Talu, Mircea"]
[Result "1-0"]
[WhiteElo "2524"]
[BlackElo "2371"]
[EventDate "2026.04.07"]
[PlyCount "55"]

1.d4 Nf6 2.c4 e6 3.Nc3 Bb4 4.e3 O-O 5.a3 Bxc3+ 6.bxc3 d6 7.Ne2 c5 8.Ng3 
Nc6 9.Bd3 b6 10.O-O Ba6 11.e4 cxd4 12.cxd4 Nxd4 13.Bb2 Nc6 14.f4 e5 15.Nf5
Re8 16.Qf3 Bc8 17.Ne3 Nd4 18.Qf2 Bb7 19.Nd5 Bxd5 20.cxd5 Rc8 21.Rae1 Rc5 
22.fxe5 dxe5 23.Bxd4 exd4 24.e5 Rc3 25.Qxd4 Rxd3 26.Qxd3 Nxd5 27.Rd1 Rxe5 
28.Rf5 1-0

[Event "26th EUR-ch"]
[Site "Katowice POL"]
[Date "2026.04.08"]
[Round "2.52"]
[White "Arat, Ufuk Sezen"]
[Black "Kadric, Denis"]
[Result "0-1"]
[WhiteElo "2372"]
[BlackElo "2523"]
[EventDate "2026.04.07"]
[PlyCount "98"]

1.d4 d6 2.Nf3 g6 3.c4 Bg7 4.Nc3 Nd7 5.e4 e5 6.Be3 Ngf6 7.Be2 O-O 8.O-O h6 
9.dxe5 dxe5 10.Qc1 Ng4 11.Bd2 Kh7 12.Rd1 c6 13.h3 Ngf6 14.Be3 Qe7 15.c5 
Rg8 16.b4 Nf8 17.Qc2 Ne8 18.Na4 f5 19.Bc4 Rh8 20.exf5 gxf5 21.Re1 Ng6 22.
Rad1 Rf8 23.Bd4 e4 24.Qc3 Nf6 25.Nb2 Nf4 26.Nh4 N6d5 27.Bxd5 Bxd4 28.Qxd4 
cxd5 29.g3 Nxh3+ 30.Kh2 f4 31.Ng2 Be6 32.gxf4 Nxf4 33.Re3 Qg5 34.Nxf4 
Qxf4+ 35.Rg3 Qxf2+ 36.Rg2 Qh4+ 37.Kg1 Rg8 38.Rd2 Qe1+ 39.Kh2 Qh4+ 40.Kg1 
Bh3 41.Qxd5 Bxg2 42.Qf5+ Kh8 43.Qe5+ Rg7 44.Rxg2 Rg8 45.Nc4 Qh3 46.Rxg7 
Rxg7+ 47.Kf2 Qf3+ 48.Ke1 Kh7 49.Qd4 Qh1+ 0-1